00365nam a2200145Ia 45000030006000000080041000060400015000471000032000622450025000942500006001192600057001253000006001825460014001880050017002020STCL150530s9999 xx 000 0 und d aSTCLcSTCL aVarghese C D; Vasudevan P S aSthreekalum Cancerum a2 bAmala Cancer Research Centre; Trichurc1997aTrichur a0 aMalayalam20220125170513.0